Estrategias innovadoras para una enseñanza de calidad

Guardat en:
Dades bibliogràfiques
Autor principal: Sevillano García, María Luisa (Autor)
Format: Llibre
Idioma:espanyol
Publicat: Madrid Pearson Educación 2005
Matèries:
Etiquetes: Afegir etiqueta
Sense etiquetes, Sigues el primer a etiquetar aquest registre!

MARC

LEADER 00000nam a2200000 a 4500
001 UCJ1581
003 CL-VaPUC
008 061103e20050000SP |||||||||||||||||spa|d
020 |a 8420544248 
082 0 4 |a 370.11  |b SEV  |2 21 
100 0 |a Sevillano García, María Luisa  |e author  |9 502269 
245 1 0 |a Estrategias innovadoras para una enseñanza de calidad 
300 |a 178 p 
942 |c BK 
945 |d 20061103 00:00:00  |a jtorresc 
260 |a Madrid  |b Pearson Educación  |c 2005 
650 0 |a Innovaciones pedagógicas  |9 307471 
650 0 |a Metodología   |9 256610 
650 0 |a Didáctica   |9 369923 
650 0 |a Métodos de enseñanza  |9 270413 
583 |a last modification  |c 20061103 00:00:00  |k Rodrigo Vera 
999 |c 318115  |d 318113 
952 |0 0  |1 0  |4 0  |6 370_110000000000000_SEV_2005  |7 0  |8 A  |9 395379  |a BIBMAT  |b BIBMAT  |c E_DIDACT  |d 2019-11-22  |i 4294858  |o 370.11 SEV 2005  |p 4294858  |r 2025-01-07  |w 2019-11-22  |y BK  |k MAT 
952 |0 0  |1 0  |4 0  |6 370_110000000000000_SEV_2005  |7 0  |8 A  |9 395380  |a BIBEDU  |b BIBEDU  |d 2019-11-22  |i 4327616  |o 370.11 SEV 2005  |p 4327616  |r 2019-11-22  |w 2019-11-22  |y BK  |k EDU